Las bibliotecas escolares : chile (Record no. 63319)

MARC details
000 -CABECERA
campo de control de longitud fija 00691nam a2200229 a 4500
005 - FECHA Y HORA DE LA ÚLTIMA TRANSACCIÓN
campo de control 20210219152909.0
008 - ELEMENTOS DE LONGITUD FIJA--INFORMACIÓN GENERAL
campo de control de longitud fija 991125n 000 0 spa u
035 ## - NÚMERO DE CONTROL DEL SISTEMA
Número de control de sistema UPN01000066131
100 ## - ASIENTO PRINCIPAL--NOMBRE PERSONAL
Nombre de persona FAUNDEZ GARCIA, Paola
222 ## - TÍTULO CLAVE
Título clave EDUCACION Y BIBLIOTECA :
Información calificativa REVISTA MENSUAL DE DOCUMENTACION Y RECURSOS DIDACTICOS
245 ## - MENCIÓN DE TÍTULO
Título Las bibliotecas escolares : chile
260 ## - PUBLICACIÓN, DISTRIBUCIÓN, ETC.
Lugar de publicación, distribución, etc. Madrid, España
300 ## - DESCRIPCIÓN FÍSICA
Extensión 14-17
362 ## - FECHAS DE PUBLICACIÓN Y/O DESIGNACIÓN SECUENCIAL
Fecha de publicación y/o designación secuencial 1994 Año 6, no. 47, may.
653 0# - TERMINO DE INDIZACION - NO CONTROLADO
Término no controlado ASOCIACIONES PROFESIONALES
653 0# - TERMINO DE INDIZACION - NO CONTROLADO
Término no controlado BIBLIOTECAS
653 0# - TERMINO DE INDIZACION - NO CONTROLADO
Término no controlado CHILE (PAIS)
653 0# - TERMINO DE INDIZACION - NO CONTROLADO
Término no controlado FOMENTO A LA LECTURA
700 ## - ASIENTO SECUNDARIO--NOMBRE DE PERSONAL
Nombre de persona FAUNDEZ VALENZUELA, Mauricio, coaut.
904 ## - ELEMENTOS DE DATOS D LOCAL, LDD (RLIN)
a AC
b 003942
905 ## - TIPO DE MATERIAL
Tipo de material Articulo

No items available.